Probability and stochastic processes (Record no. 1715249)

MARC details
000 -LEADER
fixed length control field 00264 a2200109 4500
000 - LEADER
fixed length control field nam a22 7a 4500
005 - DATE AND TIME OF LATEST TRANSACTION
control field 20260312143357.0
100 ## - MAIN ENTRY--PERSONAL NAME
Personal name Yates, Roy D
9 (RLIN) 1131866
245 ## - TITLE STATEMENT
Title Probability and stochastic processes
260 ## - PUBLICATION, DISTRIBUTION, ETC.
Name of publisher, distributor, etc. Wiley
Date of publication, distribution, etc. 2025
942 ## - ADDED ENTRY ELEMENTS (KOHA)
Koha item type Audio Visual Collection
Holdings
Withdrawn status Lost status Source of classification or shelving scheme Damaged status Not for loan Home library Current library Date acquired Source of acquisition Cost, normal purchase price Total Checkouts Date last seen Cost, replacement price Price effective from Koha item type
    Colon Classification (CC)     Central Science Library Central Science Library 2026-03-20 104 4969.44   2026-03-20 6211.80 2026-03-20 Textual
Copyright @ Delhi University Library System